Library Banner

اسلام ایک نظر میں/ (Record no. 91869)

MARC details
000 -LEADER
fixed length control field 00431nam a22001457a 4500
005 - DATE AND TIME OF LATEST TRANSACTION
control field 20170320112511.0
008 - FIXED-LENGTH DATA ELEMENTS--GENERAL INFORMATION
fixed length control field 170320b xxu||||| |||| 00| 0 eng d
040 ## - CATALOGING SOURCE
Transcribing agency PK-LaUMT
082 ## - DEWEY DECIMAL CLASSIFICATION NUMBER
Classification number ZIAC 297
Item number SAD-I
100 ## - MAIN ENTRY--PERSONAL NAME
Personal name صدرالدین اصلاحی
245 ## - TITLE STATEMENT
Title اسلام ایک نظر میں/
Statement of responsibility, etc صدرالدین اصلاحی
260 ## - PUBLICATION, DISTRIBUTION, ETC. (IMPRINT)
Place of publication, distribution, etc لاہور:
Name of publisher, distributor, etc اسلامک پبلیکیشنز،
Date of publication, distribution, etc 1975
300 ## - PHYSICAL DESCRIPTION
Extent 407 ص
942 ## - ADDED ENTRY ELEMENTS (KOHA)
Koha item type Books
Holdings
Withdrawn status Lost status Damaged status Home library Current library Date acquired Full call number Barcode Date last seen Price effective from Koha item type
      UMT Main Campus UMT Main Campus 2017-03-20 ZIAC 297 SAD-I 106616 2017-03-20 2017-03-20 Books